<?xml version="1.0" encoding="UTF-8"?>
<record
    xmlns:xsi="http://www.w3.org/2001/XMLSchema-instance"
    xsi:schemaLocation="http://www.loc.gov/MARC21/slim http://www.loc.gov/standards/marcxml/schema/MARC21slim.xsd"
    xmlns="http://www.loc.gov/MARC21/slim">

  <leader>02275nam a2200481 i 4500</leader>
  <controlfield tag="001">196135</controlfield>
  <controlfield tag="003">ES-MaACL</controlfield>
  <controlfield tag="005">20250904042307.0</controlfield>
  <controlfield tag="008">240209b2007    sp ||||| |||| 00| 0 spa d</controlfield>
  <datafield tag="017" ind1=" " ind2=" ">
    <subfield code="a">M 25692-2007</subfield>
  </datafield>
  <datafield tag="020" ind1=" " ind2=" ">
    <subfield code="a">9788496832596</subfield>
  </datafield>
  <datafield tag="040" ind1=" " ind2=" ">
    <subfield code="b">spa</subfield>
    <subfield code="c">ES-MaACL</subfield>
  </datafield>
  <datafield tag="100" ind1="1" ind2=" ">
    <subfield code="a">Verdi, Giuseppe, </subfield>
    <subfield code="d">1813-1901</subfield>
    <subfield code="9">240500</subfield>
    <subfield code="e">cmt</subfield>
  </datafield>
  <datafield tag="245" ind1=" " ind2=" ">
    <subfield code="a">Aida /</subfield>
    <subfield code="c">Verdi ; libreto de Antonio Ghislanzoni y Camille du Locle </subfield>
    <subfield code="b">[Grabaci&#xF3;n sonora]</subfield>
  </datafield>
  <datafield tag="260" ind1=" " ind2=" ">
    <subfield code="a">Madrid :</subfield>
    <subfield code="b">Prisa innova, </subfield>
    <subfield code="c">2007</subfield>
  </datafield>
  <datafield tag="264" ind1=" " ind2=" ">
    <subfield code="a">&#xA9;2007</subfield>
  </datafield>
  <datafield tag="300" ind1=" " ind2=" ">
    <subfield code="a">2 discos (CD Audio) + </subfield>
    <subfield code="e">1 libro (60 p&#xE1;ginas)</subfield>
  </datafield>
  <datafield tag="336" ind1=" " ind2=" ">
    <subfield code="2">rdacontent</subfield>
    <subfield code="a">m&#xFA;sica (interpretada)</subfield>
  </datafield>
  <datafield tag="337" ind1=" " ind2=" ">
    <subfield code="2">rdamedia</subfield>
    <subfield code="a">audio</subfield>
  </datafield>
  <datafield tag="338" ind1=" " ind2=" ">
    <subfield code="2">rdacarrier</subfield>
    <subfield code="a">volumen</subfield>
  </datafield>
  <datafield tag="490" ind1="1" ind2=" ">
    <subfield code="a">Los cl&#xE1;sicos de la &#xF3;pera, 400 a&#xF1;os ;</subfield>
    <subfield code="v">26</subfield>
  </datafield>
  <datafield tag="520" ind1=" " ind2=" ">
    <subfield code="a">Estrenada en El Cairo en 1871, Aida mantiene para Massimo Mila "un equilibrio milagroso entre las aparentemente irreconciliables exigencias caracter&#xED;sticas de dos modos diversos de arte", combinando admirablemente la monumentalidad y el intimismo, lo antiguo y lo moderno. En ella Verdi cre&#xF3; para siempre una fascinante imagen musical de Egipto.</subfield>
  </datafield>
  <datafield tag="650" ind1=" " ind2="7">
    <subfield code="9">137584</subfield>
    <subfield code="a">&#xD3;peras-</subfield>
    <subfield code="v">Libretos</subfield>
  </datafield>
  <datafield tag="655" ind1=" " ind2="7">
    <subfield code="a">Libretos</subfield>
    <subfield code="2"></subfield>
    <subfield code="9">242219</subfield>
  </datafield>
  <datafield tag="700" ind1="1" ind2=" ">
    <subfield code="a">Ghislanzoni, Antonio</subfield>
    <subfield code="e">lbt</subfield>
    <subfield code="9">240647</subfield>
  </datafield>
  <datafield tag="700" ind1="1" ind2=" ">
    <subfield code="9">137929</subfield>
    <subfield code="a">Locle, Camille du</subfield>
    <subfield code="e">lbt</subfield>
  </datafield>
  <datafield tag="700" ind1="1" ind2=" ">
    <subfield code="9">238311</subfield>
    <subfield code="a">Tebaldi, Renata, </subfield>
    <subfield code="d">1922-2004</subfield>
    <subfield code="e">prf</subfield>
  </datafield>
  <datafield tag="700" ind1="1" ind2=" ">
    <subfield code="a">Stignani, Ebe</subfield>
    <subfield code="e">prf</subfield>
    <subfield code="9">240648</subfield>
  </datafield>
  <datafield tag="700" ind1="1" ind2=" ">
    <subfield code="9">238312</subfield>
    <subfield code="a">Del Monaco, Mario, </subfield>
    <subfield code="d">1915-1982</subfield>
    <subfield code="e">prf</subfield>
  </datafield>
  <datafield tag="700" ind1="1" ind2=" ">
    <subfield code="9">238313</subfield>
    <subfield code="a">Protti, Aldo, </subfield>
    <subfield code="d">1920-1995</subfield>
    <subfield code="e">prf</subfield>
  </datafield>
  <datafield tag="700" ind1="1" ind2=" ">
    <subfield code="9">237874</subfield>
    <subfield code="a">Corena, Fernando, </subfield>
    <subfield code="d">1916-1984</subfield>
    <subfield code="e">prf</subfield>
  </datafield>
  <datafield tag="700" ind1="1" ind2=" ">
    <subfield code="9">238317</subfield>
    <subfield code="a">De Palma, Piero, </subfield>
    <subfield code="d">1925-2013</subfield>
    <subfield code="e">prf</subfield>
  </datafield>
  <datafield tag="700" ind1="1" ind2=" ">
    <subfield code="9">238318</subfield>
    <subfield code="a">Erede, Alberto, </subfield>
    <subfield code="d">1908-2001</subfield>
    <subfield code="e">msd</subfield>
  </datafield>
  <datafield tag="710" ind1="2" ind2=" ">
    <subfield code="9">238319</subfield>
    <subfield code="a">Accademia Nazionale di Santa Cecilia</subfield>
    <subfield code="b">Orchestra</subfield>
  </datafield>
  <datafield tag="710" ind1="2" ind2=" ">
    <subfield code="9">238320</subfield>
    <subfield code="a">Accademia Nazionale di Santa Cecilia- </subfield>
    <subfield code="b">Coro</subfield>
  </datafield>
  <datafield tag="852" ind1=" " ind2=" ">
    <subfield code="a">ES-MaACL</subfield>
    <subfield code="b">R.155039</subfield>
    <subfield code="c">DEPOJ</subfield>
    <subfield code="j">N-9821</subfield>
    <subfield code="h">Donaci&#xF3;n: Miren Fern&#xE1;ndez</subfield>
    <subfield code="x">Encuadernaci&#xF3;n carton&#xE9;</subfield>
    <subfield code="p">Volumen 26</subfield>
    <subfield code="9">205722</subfield>
  </datafield>
  <datafield tag="903" ind1=" " ind2=" ">
    <subfield code="a">Fern&#xE1;ndez, Miren</subfield>
    <subfield code="e">dnr</subfield>
  </datafield>
  <datafield tag="942" ind1=" " ind2=" ">
    <subfield code="c">MONOGRAFIA</subfield>
    <subfield code="n">0</subfield>
  </datafield>
  <datafield tag="999" ind1=" " ind2=" ">
    <subfield code="c">196135</subfield>
    <subfield code="d">196135</subfield>
  </datafield>
  <datafield tag="952" ind1=" " ind2=" ">
    <subfield code="0">0</subfield>
    <subfield code="1">0</subfield>
    <subfield code="2">udc</subfield>
    <subfield code="4">0</subfield>
    <subfield code="7">0</subfield>
    <subfield code="a">ATENEOM</subfield>
    <subfield code="b">ATENEOM</subfield>
    <subfield code="c">DEPOJ</subfield>
    <subfield code="d">2025-05-22</subfield>
    <subfield code="e">DONACION</subfield>
    <subfield code="l">0</subfield>
    <subfield code="o">N-9821</subfield>
    <subfield code="p">101230126</subfield>
    <subfield code="r">2025-05-22 00:00:00</subfield>
    <subfield code="w">2025-05-22</subfield>
    <subfield code="y">MONOGRAFIA</subfield>
  </datafield>
</record>
